Imiona męskie nadane dzieciom w Polsce w 2022 r. - Statystyki

Ogólne statystyki
  • Ten quiz został rozwiązany 482 razy
  • Średni wynik to 53 z 100
Statystyki odpowiedzi
liczba imię % Poprawnych
2 6341 Jan
91%
26 1987 Piotr
90%
6 5535 Jakub
87%
47 753 Paweł
86%
14 3348 Adam
85%
31 1315 Bartosz
85%
92 261 Aleks
84%
19 2758 Michał
82%
1 6670 Antoni
81%
3 6201 Aleksander
80%
10 4107 Filip
80%
35 1209 Mateusz
80%
12 4069 Szymon
80%
5 5696 Franciszek
79%
58 589 Kamil
79%
40 977 Tomasz
78%
15 3251 Kacper
77%
9 4265 Stanisław
77%
54 650 Bartłomiej
75%
81 323 Marcin
75%
13 3539 Wojciech
75%
67 480 Grzegorz
74%
24 2226 Igor
74%
30 1352 Krzysztof
74%
60 560 Patryk
73%
20 2709 Wiktor
73%
29 1489 Dawid
72%
37 1141 Karol
72%
85 301 Łukasz
72%
4 6155 Nikodem
72%
32 1271 Dominik
70%
41 975 Maciej
70%
84 311 Robert
70%
82 320 Damian
69%
61 545 Leo
68%
49 717 Daniel
66%
42 948 Henryk
66%
8 4499 Mikołaj
65%
7 5091 Leon
63%
33 1222 Natan
62%
36 1152 Hubert
61%
17 3081 Marcel
61%
86 300 Rafał
61%
71 422 Sebastian
61%
72 421 Krystian
58%
43 892 Tadeusz
58%
65 499 Adrian
57%
11 4086 Ignacy
57%
21 2551 Oliwier
57%
27 1932 Oskar
56%
43 892 Cezary
55%
23 2234 Miłosz
55%
63 511 Eryk
54%
25 2040 Julian
54%
94 248 Konrad
54%
73 401 Maksym
54%
55 615 Józef
53%
93 254 Przemysław
53%
50 674 Kuba
52%
16 3164 Tymon
52%
45 858 Artur
50%
73 401 Emil
50%
18 3055 Maksymilian
50%
22 2278 Tymoteusz
50%
38 1058 Alan
49%
28 1712 Gabriel
49%
97 232 Radosław
49%
75 385 Jerzy
48%
50 674 Kazimierz
43%
77 364 Ryszard
42%
66 492 Kornel
41%
59 588 Olaf
41%
64 503 Stefan
41%
95 235 Błażej
40%
56 595 Witold
39%
96 233 Juliusz
35%
39 1014 Fabian
34%
46 849 Ksawery
30%
88 269 Nataniel
30%
53 656 Borys
29%
34 1214 Bruno
28%
76 373 Feliks
24%
99 220 Jeremi
24%
52 660 Kajetan
24%
88 269 Florian
23%
69 462 Mieszko
23%
91 262 Remigiusz
23%
57 591 Teodor
22%
78 363 Tobiasz
22%
87 291 Alex
21%
68 471 Gustaw
20%
70 430 Leonard
18%
48 727 Milan
17%
83 318 Konstanty
14%
90 268 Olivier
10%
80 336 David
6%
62 522 Mark
6%
98 223 Alexander
5%
79 355 Artem
4%
100 214 Matvii
3%
Nie znaleziono quizów pasujących do podanych kryteriów
Rozkład punktacji
Procent ludzi z każdym wynikiem
Percentyl według liczby udzielonych odpowiedzi
Twoja historia wyników
Nie rozwiązałeś tego quizu